K otázkam pôsobenia finančno-ekonomických nástrojov v zahraničnom obchode na zefektívňovanie zahranično-ekonomických vzťahov v 80-tych rokoch kandidátska dizertačná práca

Salvato in:
Dettagli Bibliografici
Autore principale: Zorkóciová, Otília, 1954-
Ente Autore: Vysoká škola ekonomická v Bratislave
Altri autori: Michník, Ľubomír
Natura: Libro
Lingua:slovacco
Pubblicazione: Bratislava 1989
Soggetti:
Tags: Aggiungi Tag
Nessun Tag, puoi essere il primo ad aggiungerne!!

MARC

LEADER 00000nam a2200000 4500
001 c110821
005 20230116093744.1
041 0 |a slo 
044 |a SK 
245 1 0 |a K otázkam pôsobenia finančno-ekonomických nástrojov v zahraničnom obchode na zefektívňovanie zahranično-ekonomických vzťahov v 80-tych rokoch  |b kandidátska dizertačná práca  |c Otília Zorkóciová ; Ľubomír Michník 
264 1 |a Bratislava  |c 1989 
300 |a 171 s. 
610 2 0 |a obchod zahraničný 
610 2 0 |a vzťahy hospodárske medzinárodné 
610 2 0 |a vzťahy obchodné 
610 2 0 |a nástroje ekonomické 
610 2 0 |a nástroje finančné 
610 2 0 |a Slovensko 
100 1 |a Zorkóciová, Otília, 1954- 
700 1 |a Michník, Ľubomír 
710 2 |a Vysoká škola ekonomická v Bratislave